Normal view MARC view
  • Hernández, Emilia

Entry Nombre Personal

Number of records used in: 3

001 - NUMERO DE CONTROL

  • campo de control: 51800

003 - IDENTIFICADOR DE NUMERO DE CONTROL

  • campo de control: MX-MxUPN

005 - FECHA Y HORA DE LA ÜLTIMA TRANSACCIÓN

  • campo de control: 20240430153933.0

008 - DATOS DE LONGITUD FIJA

  • campo de control de longitud fija: 240430nn fnnnnbabb n ana d

040 ## - FUENTE DE CATALOGACIÓN

  • Agencia original de catalogación: MX-MxUPN
  • Lenguaje de catalogación: spa

100 1# - ENCABEZAMIENTO - NOMBRE PERSONAL

  • Nombre personal: Hernández, Emilia

670 ## - FUENTE EN LA QUE SE LOCALIZARON DATOS

  • Cita de la fuente: Autoridades BGTQ, 30 abril 2024 :
  • Información localizada: cubierta posterior (Emilia Hernández)

902 ## - CATALOGADOR

  • Catalogador: VíctorGodínez/300424